01772 a2200241 4500003000500000005001700005010001700022020001500039040000900054082001300063100002200076245011300098260003300211300003200244505094700276650001601223650003601239650004401275651001101319700003201330856009001362856007801452Nust20170207154014.0 a 2002028098 a0470843896 cNust00a621.38221 aBenvenuto, Nevio.10aAlgorithms for communications systems and their applications -(E-BOOK)cNevio Benvenuto, Giovanni Cherubini. aNew York :bJ. Wiley,c2002. axxx, 1285 :bill. ;c25 cm. aCh1 Elements of Signal Theory (Page-1) Ch2 Wiener Filter & Linear Prediction (Page-129) Ch3 Adaptive Transversal Filters (Page-165) Ch4 Transmission Media (Page-255) Ch5 Digital Representation of Waveforms (Page-331) Ch6 Modulation Theory (Page-437) Ch7 Transmission over Dispersive Channels (Page-539) Ch8 Channel Equalization & Symbol Detection (Page-619) Ch9 Orthogonal Frequency Division Multiplexing (Page-753) Ch10 Spread Spectrum Systems (Page-795) Ch11 Channel Codes (Page-827) Ch12 Trellis Coded Modulation (Page-967) Ch13 Precoding & Coding Techniques for Dispersive Channels (Page-999) Ch14 Synchronization (Page-1027) Ch15 Self-Training Equalization (Page-1083) Ch16 Applications of Interference Cancellation (Page-1115) Ch17 Wired & Wireless Network Technologies (Page-1145) Ch18 Modulation Techniques for Wireless Systems (Page-1189) Ch19 Design of High Speed Transmission Systems over Unshielded Twisted Pair Cables (Page-1249) 0aAlgorithms. 0aSignal processingxMathematics. 0aTelecommunication systemsxMathematics. aE-BOOK1 aCherubini, Giovanni,d1957-423Publisher descriptionuhttp://www.loc.gov/catdir/description/wiley036/2002028098.html423Table of contentsuhttp://www.loc.gov/catdir/toc/wiley023/2002028098.html